000 00488nam a22001577a 4500
005 20251108164024.0
008 250721s1998 xx 000 0 ara d
082 1 4 _a956.7/ريس
100 1 _aالريس، رياض نجيب
245 1 0 _aرياح الجنوب :
_bاليمن و دوره في الجزيرة العربية 1990-1997 /
264 1 _aبيروت :
_bرياض الريس،
_c1998.
300 _a464ص
650 1 7 _aتاريخ اليمن
942 _2ddc
_cBK
999 _c1646
_d1646